Speak and Project. (Record no. 80848)

MARC details
000 -LEADER
fixed length control field 00357nam a22001337a 4500
008 - FIXED-LENGTH DATA ELEMENTS--GENERAL INFORMATION
fixed length control field 241105b |||||||| |||| 00| 0 eng d
020 ## - INTERNATIONAL STANDARD BOOK NUMBER
International Standard Book Number 9710388029
050 ## - LIBRARY OF CONGRESS CALL NUMBER
Classification number FIL P 95.4 .83 2004
100 ## - MAIN ENTRY--PERSONAL NAME
Personal name Yasonia-Lucy, Arsenia P.
Relator term author
245 ## - TITLE STATEMENT
Title Speak and Project.
260 ## - PUBLICATION, DISTRIBUTION, ETC.
Place of publication, distribution, etc. Mandaluyong, Philippines:
Date of publication, distribution, etc. 2004
300 ## - PHYSICAL DESCRIPTION
Extent iv, 80 p; 25 cm.
942 ## - ADDED ENTRY ELEMENTS (KOHA)
Source of classification or shelving scheme Library of Congress Classification
Holdings
Withdrawn status Lost status Source of classification or shelving scheme Damaged status Not for loan Home library Current library Date acquired Total Checkouts Total Renewals Full call number Barcode Checked out Date last seen Date last checked out Price effective from Koha item type
    Library of Congress Classification     Angono College Library Angono College Library 11/05/2024 1 100 FIL P 95.4 .L83 2004 URSANG - 4388 03/03/2025 11/05/2024 11/05/2024 11/05/2024 Filipiniana

University of Rizal System
Email us at univlibservices@urs.edu.ph

Visit our Website www.urs.edu.ph/library